Регионална библиотека "Любен Каравелов" - Русе

Искам да стана лекар! (Запис номер 484575)

MARC детайли
000 -Лидер
Контролно поле с фиксирана дължина 01462nam a2200397 a 4500
003 - Код на организацията, давaща контролен номер
Контролно поле BLK
005 - Дата и час на последна редакция
Контролно поле 20250609105703.0
008 - Елементи от данни с фиксирана дължина
fixed length control field 180411b bul|||||r ||||||| ||bul||
010 ## - Наследен системен номер
LC control number KNG00199480000
020 ## - Международен стандартен номер на книга ISBN
Международен стандартен номер на книга ISBN 3800083828747
040 ## - Източник на каталожния запис
Идентификатор на билиотеката - собственик на записа BLK
041 ## - Код за език
Код за езика на текст/звукозапис или на отделно заглавие Български
Код за езика КДБФ Български
072 #7 - Код за тематичната категория
Код организация bullib
Код за тематична категория Н86
Текст Детска отраслова литература Н
080 ## - УДК
Текстов определител УДК Анатомия. Вж и 572 ; 591.4 ; 616.1/.9 ; 343.9 ; 743
УДК код - определител по УДК 611
УДК определител (02.053.2)
УДК - код + определител 611(02.053.2)
080 ## - УДК
Текстов определител УДК Издания за деца и юноши. Книжки-картинки. Читанки. Вж и 372.4
УДК код - определител по УДК 087.5
УДК - код + определител 087.5
139 ## - Редно поле
Редна дума Искам да стана лекар!
Авторски знак Иск - И 92
245 10 - Сведения за заглавието
Заглавие Искам да стана лекар!
257 ## - Страна на издаване
Страна на създаване/издаване България
260 ## - Област на издателските данни
Място на издаване, разпространение и проч. София
Име на издателя, разпространителя и проч. Фют
Година на издаване 2021
Печатница отпеч. в Китай
300 ## - Физическа характеристика
Страници 8 с.
Размери/Мащаб 22 см
380 ## - Жанр
Жанр Детска отраслова лит.
650 #4 - Допълнително описание по предмет – тема
Основно описание – тема или топоним Човешко тяло
9 (RLIN) 251064
650 #4 - Допълнително описание по предмет – тема
Основно описание – тема или топоним Анатомия - на човека
9 (RLIN) 254168
650 #4 - Допълнително описание по предмет – тема
Основно описание – тема или топоним Физиология - на човека
9 (RLIN) 254167
653 ## - Ключова дума – ненормативна
Ключова дума човешко тяло
653 ## - Ключова дума – ненормативна
Ключова дума анатомия
653 ## - Ключова дума – ненормативна
Ключова дума физиология
653 ## - Ключова дума – ненормативна
Ключова дума книги-игри
653 ## - Ключова дума – ненормативна
Ключова дума литература за деца
653 ## - Ключова дума – ненормативна
Ключова дума детска литература
659 ## - Тематичен бюлетин
Тематичен бюлетин Н
856 4# - Електронен адрес и достъп
Електронен формат pdf - файл
Инструкция (цена за достъп) 0.00
Права за достъп disable
856 4# - Електронен адрес и достъп
Електронен формат pdf - файл
Инструкция (цена за достъп) 0.00
Права за достъп disable
999 ## - СИСТЕМНИ КОНТРОЛНИ НОМЕРА
Koha biblionumber 484575
Koha biblioitemnumber 484575
942 ## - АРТИКУЛИ
Вид на библиотечния материал Книги
Скрит в OPAC Не
Koha issues (borrowed), all copies 35
Периодичен библиозапис Да
944 ## - СЪЗДАВАНЕ И РЕДАКЦИЯ на ЗАПИСА
Дата на регистрацията/редакция 2022-12-06
Статус, дата на статуса Грета Цуфелде
Служител, извършил регистрацията/редакцията 30537
Наличности
Код за отписване Код за изгубен артикул Източник на класификационната схема Код за повреда Коз за рестрикции Код за отдаване Артикулен № Име на библиотеката - собственик Име на библиотеката, в която се намира в момента Статус (Текущо местоположение) Дата на вписване в системата Местоположение - отдел Цена в лева Систематично азбучна сигнатура Баркод Цена в евро Служебен тип на артикула
  Не е изгубен Universal Decimal Classification Не е повреден без рестрикции заемане за дома 916087 Регионална библиотека "Любен Каравелов" Русе Регионална библиотека "Любен Каравелов" Русе Детски отдел 2022-12-07 Детски отдел 13.42 61/И 92 120000879097 6.86 Книги
  Не е изгубен Universal Decimal Classification Не е повреден без рестрикции заемане за дома 916088 Регионална библиотека "Любен Каравелов" Русе Регионална библиотека "Любен Каравелов" Русе Детски отдел 2022-12-07 Детски отдел 13.42 61/И 92 120000879096 6.86 Книги
Vip Innovations Ltd, Rousse, Bulgaria 2025